Wastewater recycling and reuse : Issues and country experiences (Record no. 71637)
[ view plain ]
| 000 -LEADER | |
|---|---|
| fixed length control field | 00738nam a22001937a 4500 |
| 003 - CONTROL NUMBER IDENTIFIER | |
| control field | NUST - PNEC |
| 005 - DATE AND TIME OF LATEST TRANSACTION | |
| control field | 20170116181206.0 |
| 008 - FIXED-LENGTH DATA ELEMENTS--GENERAL INFORMATION | |
| fixed length control field | 160905b xxu||||| |||| 00| 0 eng d |
| 020 ## - INTERNATIONAL STANDARD BOOK NUMBER | |
| International Standard Book Number | 9788131427439 |
| 040 ## - CATALOGING SOURCE | |
| Transcribing agency | LIBRARY |
| 082 ## - DEWEY DECIMAL CLASSIFICATION NUMBER | |
| Classification number | 363.7284 IYY |
| 100 ## - MAIN ENTRY--PERSONAL NAME | |
| 9 (RLIN) | 16832 |
| Personal name | Iyyer Mallikarjun Janardan |
| 245 ## - TITLE STATEMENT | |
| Title | Wastewater recycling and reuse : Issues and country experiences |
| Statement of responsibility, etc. | Mallikarjun Janardan Iyyer |
| 260 ## - PUBLICATION, DISTRIBUTION, ETC. | |
| Place of publication, distribution, etc. | Tripura |
| Name of publisher, distributor, etc. | IUP |
| Date of publication, distribution, etc. | c.2012 |
| 300 ## - PHYSICAL DESCRIPTION | |
| Extent | viii, 235 pages |
| Other physical details | ill:, |
| 648 ## - SUBJECT ADDED ENTRY--CHRONOLOGICAL TERM | |
| 9 (RLIN) | 16833 |
| Chronological term | Water reuse |
| General subdivision | ME, IME |
| 856 ## - ELECTRONIC LOCATION AND ACCESS | |
| Uniform Resource Identifier | <a href="https://www.amazon.com/Wastewater-Recycling-Reuse-Mallikarjun-Janardan/dp/8131427439/ref=sr_1_5?s=books&ie=UTF8&qid=1473049900&sr=1-5&keywords=Wastewater+recycling+and+reuse">https://www.amazon.com/Wastewater-Recycling-Reuse-Mallikarjun-Janardan/dp/8131427439/ref=sr_1_5?s=books&ie=UTF8&qid=1473049900&sr=1-5&keywords=Wastewater+recycling+and+reuse</a> |
| 942 ## - ADDED ENTRY ELEMENTS (KOHA) | |
| Source of classification or shelving scheme | |
| Koha item type | Book |
| Withdrawn status | Lost status | Source of classification or shelving scheme | Materials specified (bound volume or other part) | Damaged status | Not for loan | Permanent Location | Current Location | Shelving location | Date acquired | Source of acquisition | Cost, normal purchase price | Total Checkouts | Full call number | Barcode | Date last seen | Cost, replacement price | Price effective from | Koha item type | Collection code |
|---|---|---|---|---|---|---|---|---|---|---|---|---|---|---|---|---|---|---|---|
| Institute of Environmental Science and Engineering (IESE) | Institute of Environmental Science and Engineering (IESE) | General Stacks | 11/14/2017 | 628.162 IYY | IESE-2713 | 11/14/2017 | 11/14/2017 | Book | |||||||||||
| Hardbound | Pakistan Navy Engineering College (PNEC) | Pakistan Navy Engineering College (PNEC) | 12/07/2015 | Reference Grant / Capital Book Company | 1787.72 | 363.7284 IYY | PNECLIB-032527 | 09/05/2016 | 2015.00 | 12/07/2015 | Book |
